00963nam a2200217 a 450000100100000000500170001000800410002702000150006804000250008308200150010810000280012324500760015126000520022730000210027949000230030059000750032383000300039895201860042895201140061499900170072800003497420200930074024.0111024s1980 sp 000 0 spa d a842700611x aDO-SdBNPbspacBNPHU axxxxbxxxx1 aCano, Román J.96057310aBiorritmos :bel secreto de nuestros mejores días /cRomán J. Cano. aBarcelona, :bEdiciones Martínez Roca,c1980. a257 p. ;c20 cm.1 aFontana práctica aPerteneció a la biblioteca personal de Juan Isidro Jimenes Grullón 0aFontana práctica948710 001050718MOaGRbGRcHDd2011-10-24iLF1l0oxxxx xxxxp34974-10r2020-06-25w2020-06-25y1zPerteneció a la biblioteca personal de Juan Isidro Jimenes Grullón.ZNo se presta 0010507-18MOaGRbGRcOId2011-10-24iLF1l0oxxxx xxxxp34975-10r2020-06-25w2020-06-25y1ZNo se presta c34465d34465